000 01791cam a22004457a 4500
001 14880079
003 OSt
005 20140317135757.0
008 070605s2007 nyua c 000 1 eng
010 _a 2007297661
020 _a0439902509
020 _a9780439902502
024 3 0 _a9780439902502
_d50399
035 _a(OCoLC)ocm78556897
040 _aNOG
_cNOG
_dLEO
_dBAKER
_dBTCTA
_dGK8
_dDLC
042 _alccopycat
050 0 0 _aPZ 7
_b.Ab1587Pi 2007
100 1 _aAbbott, Tony,
_d1952-
_928580
245 1 0 _aPirates of the purple dawn /
_cTony Abbott.
260 _aNew York :
_bScholastic Inc.,
_c2007.
300 _a124 p. :
_bill.;
_c20 cm.
490 1 _aSecrets of Droon ;
_v29
521 _aG4
526 _c650
650 0 _aDroon (Imaginary place)
_vJuvenile fiction.
_928581
650 0 _aWizards
_vJuvenile fiction.
_928582
650 1 _aMagic
_vFiction.
_928583
650 1 _aDroon (Imaginary place)
_vFiction.
_928584
650 1 _aWizards
_vFiction.
_928585
655 7 _aChildren's stories.
_2lcsh
_93012
655 7 _aFantasy fiction.
_2gsafd
_93053
700 1 _aFitzgerald, Royce.
_928586
700 1 _aJessell, Tim.
_923337
800 1 _aAbbott, Tony,
_d1952-
_tSecrets of Droon ;
_v#29.
_928587
856 4 2 _3Publisher description
_uhttp://www.loc.gov/catdir/enhancements/fy1116/2007297661-d.html
906 _a7
_bcbc
_ccopycat
_d2
_encip
_f20
_gy-gencatlg
942 _2lcc
_cBK
999 _c47474
_d47474